The theory of economic growth / (Record no. 2003)
[ view plain ]
| 000 -LEADER | |
|---|---|
| fixed length control field | 00784cam a22002651a 4500 |
| 001 - CONTROL NUMBER | |
| control field | 2003 |
| 003 - CONTROL NUMBER IDENTIFIER | |
| rucl marc code | BD-RjUL |
| 005 - DATE AND TIME OF LATEST TRANSACTION | |
| control field | 20211208233448.0 |
| 008 - FIXED-LENGTH DATA ELEMENTS--GENERAL INFORMATION | |
| fixed length control field | 131210r19551963enk 001 0 eng |
| 035 ## - SYSTEM CONTROL NUMBER | |
| System control number | (BD-RjUL)2030 |
| System control number | (OCoLC)3093429 |
| 040 ## - CATALOGING SOURCE | |
| Original cataloging agency | DLC |
| Transcribing agency | TNJ |
| Modifying agency | OCoLC |
| -- | MoSU-L |
| -- | OCoLC |
| -- | Uk |
| -- | DLC |
| -- | BD-RjUL |
| Language of cataloging | eng |
| 041 ## - LANGUAGE CODE | |
| Language code of text/sound track or separate title | eng |
| 082 ## - DEWEY DECIMAL CLASSIFICATION NUMBER | |
| Classification number | 330.1 |
| Edition number | 20 |
| Author mark and year | LET 1963 |
| 100 1# - MAIN ENTRY--PERSONAL NAME | |
| Personal name | Lewis, W. Arthur |
| Fuller form of name | (William Arthur), |
| Dates associated with a name | 1915- |
| 9 (RLIN) | 6587 |
| 245 14 - TITLE STATEMENT | |
| Title | The theory of economic growth / |
| Statement of responsibility, etc. | by W. Arthur Lewis. |
| 260 ## - PUBLICATION, DISTRIBUTION, ETC. (IMPRINT) | |
| Place of publication, distribution, etc. | London : |
| Name of publisher, distributor, etc. | Allen & Unwin, |
| Date of publication, distribution, etc. | c1955 [Impression 1963. 1965]. |
| 300 ## - PHYSICAL DESCRIPTION | |
| Pagination | 453 p. ; |
| Size | 23 cm. |
| 500 ## - GENERAL NOTE | |
| General note | Includes index. |
| 650 #0 - SUBJECT ADDED ENTRY--TOPICAL TERM | |
| Topical term or geographic name as entry element | Industries. |
| 9 (RLIN) | 6588 |
| Topical term or geographic name as entry element | Economics. |
| 9 (RLIN) | 116665 |
| 942 ## - ADDED ENTRY ELEMENTS (KOHA) | |
| Source of classification or shelving scheme | Dewey Decimal Classification |
| Koha item type | Books |
| Lost status | Source of classification or shelving scheme | Damaged status | Not for loan | Collection code | Permanent Location | Current Location | Shelving location | Date acquired | Source of acquisition | Cost, normal purchase price | Total Checkouts | Full call number | Date last seen | Copy number | Koha item type |
|---|---|---|---|---|---|---|---|---|---|---|---|---|---|---|---|
| Dewey Decimal Classification | Non-fiction | Central Library, University of Rajshahi | Central Library, University of Rajshahi | 15/03/1963 | Zeithlinger | 30.00 | 330.1 LET 1961 | 10/12/2013 | C-6 | Books | |||||
| Dewey Decimal Classification | Not For Loan | Non-fiction | Central Library, University of Rajshahi | Central Library, University of Rajshahi | Reading Room | 31/03/1965 | Swets and Zetlinger | 18.00 | 330.1 LET 1963 | 10/12/2013 | C-1 | Books | |||
| Dewey Decimal Classification | Non-fiction | Central Library, University of Rajshahi | Central Library, University of Rajshahi | 05/06/1968 | Zeitlinger | 20.00 | 330.1 LET 1965 | 19/01/2014 | C-2 | Books | |||||
| Dewey Decimal Classification | Non-fiction | Central Library, University of Rajshahi | Central Library, University of Rajshahi | 31/03/1965 | Sweets and Zeetlinger | 18.00 | 330.1 LET 1963 | 15/06/2016 | C-3 | Books | |||||
| Dewey Decimal Classification | Non-fiction | Central Library, University of Rajshahi | Central Library, University of Rajshahi | 31/03/1965 | Sweets and Zeetlinger | 18.00 | 330.1 LET 1963 | 15/06/2016 | C-4 | Books | |||||
| Dewey Decimal Classification | Non-fiction | Central Library, University of Rajshahi | Central Library, University of Rajshahi | 31/03/1965 | Sweets and Zeetlinger | 18.00 | 330.1 LET 1963 | 15/06/2016 | C-5 | Books | |||||
| Dewey Decimal Classification | Non-fiction | Central Library, University of Rajshahi | Central Library, University of Rajshahi | 31/03/1965 | Sweets and Zeetlinger | 18.00 | 330.1 LET 1963 | 15/06/2016 | C-7 | Books | |||||
| Dewey Decimal Classification | Non-fiction | Central Library, University of Rajshahi | Central Library, University of Rajshahi | 31/03/1965 | Sweets and Zeetlinger | 18.00 | 330.1 LET 1963 | 15/06/2016 | C-9 | Books | |||||
| Dewey Decimal Classification | Non-fiction | Central Library, University of Rajshahi | Central Library, University of Rajshahi | 31/03/1965 | Sweets and Zeetlinger | 18.00 | 330.1 LET 1963 | 15/06/2016 | C-10 | Books | |||||
| Dewey Decimal Classification | Non-fiction | Central Library, University of Rajshahi | Central Library, University of Rajshahi | 15/03/1963 | Zeetlinger | 30.00 | 330.1 LET 1961 | 03/09/2016 | C-8 | Books |